| 000 | 01366nam a22003615a 4500 | ||
|---|---|---|---|
| 999 |
_c14706 _d14706 |
||
| 003 | EG-ScBUE | ||
| 005 | 20191214095220.0 | ||
| 008 | 080918t2011 maua f 001 0 eng d | ||
| 020 | _a9780321643889 | ||
| 020 | _a0321643887 | ||
| 040 |
_aEG-ScBUE _beng _erda _cEG-ScBUE _dEG-ScBUE |
||
| 082 | 0 | 4 |
_a515 _bHAE _222 |
| 100 | 1 |
_aHaeussler, Ernest F, _eauthor. _919894 |
|
| 245 | 1 | 0 |
_aIntroductory mathematical analysis : _bfor business, economics and the life and social sciences / _cErnest F. Haeussler, Jr, The Pennsylvania State University, Richard S. Paul, The Pennsylvania State University, Richard J. Wood, Dalhousie University. |
| 250 | _aThirteenth edition. | ||
| 250 | _aInternational edition. | ||
| 264 | 1 |
_aBoston : _bPrentice Hall, _c[2011] |
|
| 264 | 4 | _cc 2011 | |
| 300 |
_a1 volume (various pagings) : _billustrations ; _c27 cm |
||
| 336 |
_2rdacontent _atext _btxt |
||
| 337 |
_2rdamedia _aunmediated _bn |
||
| 338 |
_2rdacarrier _avolume _bnc |
||
| 500 | _aIncludes index. | ||
| 500 | _aIncludes appendices. | ||
| 650 | 7 |
_aMathematical analysis. _2BUEsh _919895 |
|
| 650 | 7 |
_aEconomics, Mathematical. _2BUEsh _919896 |
|
| 650 | 7 |
_aBusiness mathematics. _2BUEsh _919897 |
|
| 653 |
_bBUSADM _cDecember2017 |
||
| 655 | _vReading book | ||
| 700 | 1 |
_aPaul, Richard S, _eauthor. _919898 |
|
| 700 | 1 |
_aWood, R. J, _eauthor. _919899 |
|
| 942 |
_cBB _2ddc |
||